Las comunidades religiosas ante la historia (Record no. 179772)

MARC details
000 -LEADER
campo de control de longitud fija 00968nam a2200205 i 4500
001 - NÚMERO DE CONTROL
campo de control 179772
003 - IDENTIFICADOR DE NÚMERO DE CONTROL
campo de control ES-MaACL
005 - FECHA Y HORA DE LA ÚLTIMA TRANSACCIÓN
campo de control 20250831023902.0
008 - DATOS DE LONGITUD FIJA--INFORMACIÓN GENERAL
campo de control de longitud fija 120123s1912 sp |||| | spa d
100 1# - ENTRADA PRINCIPAL--NOMBRE DE PERSONA
Nombre de persona Pacheco y de Leyva, Enrique,
Fechas asociadas al nombre 1878-1924
9 (RLIN) 88141
245 14 - MENCIÓN DEL TÍTULO
Título Las comunidades religiosas ante la historia
Resto del título : memoria leída en el Ateneo de Madrid el lunes 8 de abril de 1912 /
Mención de responsabilidad, etc. por Enrique Pacheco y de Leyva, secretario de la Sección de Ciencias Históricas del citado centro.
260 ## - PUBLICACIÓN, DISTRIBUCIÓN, ETC.
Lugar de publicación, distribución, etc. Madrid :
Nombre del editor, distribuidor, etc. [s.n.],
Fecha de publicación, distribución, etc. 1912 (
Fabricante Est. tip. de Jaime Ratés)
300 ## - DESCRIPCIÓN FÍSICA
Extensión 33 p. ;
Dimensiones 24 cm.
610 24 - PUNTO DE ACCESO ADICIONAL DE MATERIA--NOMBRE DE ENTIDAD CORPORATIVA
Nombre de entidad corporativa o nombre de jurisdicción como elemento de entrada Ateneo de Madrid.
Unidad subordinada Sección de Ciencias Históricas-
Subdivisión de forma Memorias.
9 (RLIN) 1982
650 #7 - PUNTO DE ACCESO ADICIONAL DE MATERIA--TÉRMINO DE MATERIA
Término de materia o nombre geográfico como elemento de entrada Iglesia y Estado
Fuente del encabezamiento o término embne
9 (RLIN) 13554
650 #4 - PUNTO DE ACCESO ADICIONAL DE MATERIA--TÉRMINO DE MATERIA
Término de materia o nombre geográfico como elemento de entrada Órdenes y congregaciones religiosas
9 (RLIN) 15747
710 2# - ENTRADA AGREGADA--NOMBRE DE ENTIDAD CORPORATIVA
Nombre de entidad corporativa o nombre de jurisdicción como elemento de entrada Ateneo de Madrid.
Unidad subordinada Sección de Ciencias Históricas
9 (RLIN) 1981
852 4# - LOCALIZACIÓN
Ubicación ES-MaACL
Número de control de estantería T-1252-F-7
Nota libre - Dedicatoria autógrafa del autor
Holdings
Estatus retirado Estado de pérdida Estado de daño No para préstamo Colección Biblioteca de origen Biblioteca actual Ubicación en estantería Fecha de adquisición Fuente de adquisición Total de préstamos Signatura topográfica completa Código de barras Visto por última vez Precio de reemplazo Tipo de ítem Koha
        Colección de folletos Biblioteca del Ateneo de Madrid Biblioteca del Ateneo de Madrid Depósito folletos 23/01/2012     T-1252-F-7 1188860 23/02/2023 23/02/2023 Folleto